|
|
|
|
| LEADER |
00000cam a2200000 i 4500 |
| 001 |
1/15488 |
| 008 |
111007s1983 gre d |
| 035 |
|
|
|l 10111004
|
| 040 |
|
|
|a GR-MY-UA
|b gre
|e aacr
|
| 041 |
0 |
|
|a gre
|
| 082 |
0 |
|
|a 889.7
|2 (22)
|
| 100 |
1 |
|
|a Τσιφόρος, Νίκος,
|d 1909-1970.
|
| 245 |
1 |
0 |
|a Εμείς και οι Φράγκοι /
|c Νίκος Τσιφόρος
|
| 260 |
|
|
|a Αθήνα :
|b Ερμής,
|c 1983
|
| 300 |
|
|
|a 415 σ.;
|c 21 εκ.
|
| 650 |
0 |
0 |
|a Humorous stories, Greek.
|
| 650 |
0 |
0 |
|a Greek wit and humor.
|
| 650 |
0 |
0 |
|a Greek fiction, Modern.
|
| 852 |
|
|
|a INST
|b SAMOS
|e 20111007
|h 889.7 ΤΣΙ
|p 005300032460
|q 005300032460
|t BK
|y 0
|
| 901 |
|
|
|a BIBL3-2011-2
|
| 909 |
|
|
|a Σ
|b 167428
|
| 970 |
|
|
|a ΓΟΥΒΑΛΑ
|b ΒΑΣΩ
|z 2011/10/07
|